000 00534nam a22001931c 4500
001 a987688737
008 171123s1964 gw |||| 000u ger d
041 _ager
100 1 _aArnold, Theodor
245 0 0 _aSowjetrußland von Stalins Tod bis Chruschtschows Sturz :
_b1953 - 1964 /
_cTheodor Arnold
264 _aMünchen :
_bKopernikus-Verl.,
_c1964
300 _a104 S.
648 0 _a1953-1964
651 0 _aSowjetunion
942 _cMG
040 _cRU-10907106
003 RU-10907106
999 _c48430
_d48430
490 0 _aGeschichte Sowjetrußlands, 2